MDQL
is popping MORE tags! Check the
thread
!
Quizzes
Events
Quiz Creation
Community
Videos
Private Events
Remove Ads
Sign In
Join for FREE
Feedback
Dark Mode
Quiz Categories
Sports
Geography
Music
Movies
Television
Just For Fun
Miscellaneous
History
Literature
Language
Science
Gaming
Entertainment
Religion
Holiday
For Kids
Quiz Lab
Recent
Popular Today
Quiz Kudos Today
Editor Picks
Curator Picks
Quizzes by...
Day
Popularity
Type
Ratings
Length
Year
Community
Subscriptions
Recent Discussions
Orange Saloon
Badges
Playlists
Quests
Create
Leaderboards
Showdown
Live 5
Trivia Bingo
Activity
Puzzle Library
Sporcle Events
Private Events
Virtual Trivia
Globe League
Become a Host
Pub Owners
SporcleCon
Opinionation
Our Games
Videos
Blog
Mobile Apps
Partnerships
Remove Ads and Go Orange
Feedback
Geography
Country
Landmarks
City
State
Population
World
Capital
Continent
Flags
Europe
Africa
Asia
South America
North America
Oceania
Border
Canada
United Kingdom
Topography
United States
Geography
Country
Landmarks
City
State
Population
World
Capital
Continent
Flags
Europe
Africa
Asia
South America
North America
Oceania
Border
Canada
United Kingdom
Topography
United States
Random Quiz
Search Sporcle
×
Quiz Lab
Quiz Lab
Geography
Country
Type in answers that appear in a list
Type in answers that appear in a list
Classic
Best Score? Go Orange.
Country's Highest Points (Europe) Stats
Can you name the European countries with top/bottom 10 highest points?
By
hilco
2m
20 Questions
321 Plays
321 Plays
321 Plays
Comments
Comments
Give Quiz Kudos
Give Quiz Kudos
-
- Ratings
hide this ad
More Info
Replay
Link that replays current quiz
Next Quiz
Link to next quiz in quiz playlist
You Got
0%
They Got
Avg Score
77%
Avg Friend Score
Upgrade to see
Score Distribution
Jump to the score distribution portion of the page
Score
0/20
Timer
02:00
0
Plays Today
Country
% Correct
France (Mont Blanc)
98.1%
Italy (Monte Bianco)
96%
Russia (Mount Elbrus)
94.7%
Spain (Mulhacén)
92.2%
Germany (Zugspitze)
92.2%
Switzerland (Dufourspitze)
91.9%
Austria (Großglockner)
91.3%
Netherlands (Vaalserberg)
83.5%
Greece (Mount Olympus)
76%
Denmark (Møllehøj)
76%
Country
% Correct
Latvia (Gaizinkalns)
73.5%
Lithuania (Aukštojas Hill)
72.9%
Estonia (Suur Munamägi)
72.9%
Andorra (Coma Pedrosa)
68.5%
Vatican City (Vatican Hill)
65.1%
Monaco (Chemin des Révoires)
63.2%
Belarus (Dzyarzhynskaya Hara)
62.3%
Malta (Ta'Dmejrek)
62%
Bulgaria (Musala)
58.9%
Moldova (Dealul Bălăneşti)
49.2%
Quiz Playlist
Details
Report
Send in Message
Add To Playlist
More Info:
I only took into account high points in the area that is generally (or at least by Sporcle) considered Europe.
Classic:
Type in answers that appear in a list
Quiz Source
Last Updated: Feb 16, 2017
Quiz Scoreboard
CHALLENGE
Sign Up to Join the Scoreboard
Show All
Scores
Hide
Comments
May contain spoilers
Recently Published
Image Sorting: Flags VI
by Barbecue
Geography
2m
Find the 'City' Movie
by crazypaving
Movies
60s
Colored Red Africa Blitz
by spor1
Geography
45s
More to Explore
Quiz From the Vault
Featured Blog Post
14 Easter Pick-up Lines to Find Eggs With
hide this ad
You Might Also Like...
Tags
Country Quiz
Europe Quiz
bottom
Elevation
highest
point
Today's Top Quizzes in Geography
Browse Geography
hide this ad
Today's Top Quizzes in Country
Browse Country
Top Contributed Quizzes in Geography
1
Colored Red Europe Blitz I
2
Countries of the World - No Outlines Minefield
3
Colored Red Africa Blitz II
4
Colored Red Europe Blitz II
5
Colored Red Europe Blitz III
6
Colored Red Africa Blitz III
7
Colored Red States Blitz I
8
A Different View: World Oceans
9
Colored Red States Blitz II
10
Colored Red States Blitz III
Explore More
Trending Topics
Disney
Anime
Harry Potter
Crossword
Kpop
NBA
Marvel
The Office
Country
Soccer
NFL
WWE
Puzzle
Pokémon
Song
hide this ad
More By:
hilco
Quiz
Plays
Rating
Category
Featured
Created
All Land Borders: Americas
19,151
4.46
Geography
Jan 11, 2015
50 Largest Cities in Former Yugoslavia
13,026
4.34
Geography
Feb 10, 2013
Corrected UEFA Ranking Top 100 (2016)
9,101
4.33
Sports
Feb 4, 2017
Corrected UEFA Ranking Top 100 (2015)
8,331
4.65
Sports
Jul 7, 2015
100 Largest Cities in Germany
5,251
4.75
Geography
Sep 2, 2012
Go to Creator's Profile
Score Distribution
Quiz Creator Spotlight
hilco
Follow
Send a Message
Quizzes Created
-
Created Quiz Play Count
-
More By This Creator
Popular Quizzes Today
1
Colored Red Africa Blitz
2
Find the US States - No Outlines Minefield
3
Find the 'City' Movie
4
5x2 Blitz: Bands
5
The Countries of the World
6
Find the US States
7
Find the Countries of Europe - No Outlines Minefield
8
US States
More Geography Quizzes
5-Letter World Capital Crossword
Published
Trending Quizzes
Colored Red Europe Blitz I
Colored Red Africa Blitz II
Colored Red Europe Blitz II
Colored Red Africa Blitz III
Colored Red Europe Blitz III
Recently Updated
How Do You Spell That?
pecheneg
Godzilla Movies
pecheneg
Grab Bag: 4-10 Letters
pecheneg
2024 March Madness Bracket
pecheneg
Famous TV Couples
Peacemaker
Champions League XIs: Real Madrid
pecheneg
Largest US Cities 1790-2010
pecheneg
Rides in Walt Disney World
pecheneg
Most Oscar Losses (Acting)
pecheneg
Beyoncé Albums
pecheneg
Trending Topics
Crossword
NBA
Anime
Disney
Harry Potter
Marvel
Kpop
NFL
WWE
Song
Pokémon
The Office
Country
Soccer
Puzzle
Your Account Isn't Verified!
In order to create a playlist on Sporcle, you need to verify the email address you used during registration. Go to your
Sporcle Settings
to finish the process.
Report this User
Report this user for behavior that violates our
Community Guidelines
.
Details:
Send Report
Go to the Sporcle.com Mobile Site →
Comments